VIGYAPAN KALA (Record no. 5572)

MARC details
000 -LEADER
fixed length control field 00359nam a22001577a 4500
005 - DATE AND TIME OF LATEST TRANSACTION
control field 20170916114632.0
008 - FIXED-LENGTH DATA ELEMENTS--GENERAL INFORMATION
fixed length control field 170916b xxu||||| |||| 00| 0 eng d
020 ## - INTERNATIONAL STANDARD BOOK NUMBER
ISBN 978-93-5000-186-8
041 ## - LANGUAGE CODE
Language code of text/sound track or separate title eng
082 ## - DEWEY DECIMAL CLASSIFICATION NUMBER
Classification number 302.2
100 ## - MAIN ENTRY--AUTHOR NAME
Personal name DHAWAN, MADHU
245 ## - TITLE STATEMENT
Title VIGYAPAN KALA
260 ## - PUBLICATION, DISTRIBUTION, ETC. (IMPRINT)
Place of publication DELHI
Name of publisher HITKARI PRAKASHAN
300 ## - PHYSICAL DESCRIPTION
Number of Pages 107p.
942 ## - ADDED ENTRY ELEMENTS (KOHA)
Koha item type Books
Holdings
Lost status Damaged status Home library Current library Date acquired Source of acquisition Cost, normal purchase price Full call number Accession Number Koha item type Shelving location
    JRU Library   16/09/2017 PURCHESS 175.00 302.2 21931 Books  
    JRU Library   16/09/2017 PURCHESS 175.00 302.2 21932 Books SHELF-32-G